000 00886nam a22002537a 4500
003 BPGM
008 260225m20052007mx aic|gr||||o001 0dspa d
020 _a978-970-293-1
040 _bspa
041 _aspa
_hspa
082 0 4 _a784.71972
_bJ55 / 2007
100 _aJIMÉNEZ, CODINACH GUADALUPE .
245 _aLA GUÍA DEL HIMNO NACIONAL MEXICANO
250 _aPRIMERA
_b2005
260 _aMEXÍCO
_bSECRETARÍA DE EDUCACIÓN PÚBLICA
_c2005
300 _a107 páginas
_c24.5 cm x 15 cm
336 _2rdacontent
_atexto
_btxt
337 _2rdamedia
_asin mediación
_bn
338 _2rdacarrier
_avolumen
_bnc
505 _aLa guía asegura que el Himno Nacional Mexicano se mantenga como un símbolo de unidad y respeto, preservando su forma original y su valor histórico
650 _2LAS ARTES BELLAS ARTES Y ARTES DECORATIVAS
650 _2MÚSICA
942 _2ddc
_cGENERAL
999 _c68522
_d68522